top 21 most dangerous cities in Usa - Statistics

General Stats
  • This quiz has been taken 85 times
  • The average score is 13 of 20
Answer Stats
Hint Answer % Correct
1 Michigan Detroit
96%
5 Louisiana New Orleans
84%
3 Tennessee Memphis
83%
20.Texas Houston
81%
18.Tennessee Nashville
81%
2 .Missouri St louis
81%
4 Maryland Baltimore
78%
7 Ohio Cleveland
72%
15.Alaska Anchorage
71%
9 New mexico Albuquerque
70%
10.Wisconsin Milwaukee
67%
7 Arkansas Little Rock
64%
12.California Oakland
59%
6 Missouri Springfield
51%
17 Kansas Wichita
48%
19.Michigan Lansing
46%
21.Tennessee Chattanooga
38%
8 California Stockton
33%
16 .illonis Rockford
28%
11.California San Bernardino
28%
No matching quizzes found
Score Distribution
Percent of People with Each Score
Percentile by Number Answered
Your Score History
You have not taken this quiz